000 02109nam a2200265 i 4500
001 23224877
005 20250603074859.0
008 230712s2019 nju 000 0 eng
010 _a 2023394376
020 _a9781119504306
020 _a9781119503408
040 _aDLC
_beng
_erda
_cDLC
042 _apcc
050 0 0 _aHF5635
_b.W52423 2019
100 _aWeygandt, Jerry J.
_eauthor.
_921703
245 1 0 _aFinancial accounting with international financial reporting standards
_c/ Jerry J. Weygandt, PhD, CPA, Paul D. Kimmel, PhD, CPA, Donald E. Kieso, PhD, CPA.
250 _aFourth edition.
264 1 _aHoboken, NJ :
_bWiley,
_c[2019]
300 _a1 volume (various pagings) ;
_c28 cm
505 _aAccounting in action — The recording process — Adjusting the accounts — Completing the accounting cycle — Accounting for merchandise operations — Inventories — Fraud, internal control, and cash — Accounting for receivables — Plant assets, natural resources, and intangible assets — Current liabilities — Non-Current liabilities — Corporations: organization, share transactions, and equity — Investments — Statements of cash flows — Financial analysis: the big picture.
520 _aThe use of International Financial Reporting Standards is growing rapidly, both outside of the United States and within, especially as IFRS incorporates more US GAAP rules. In the newly updated fifth edition of Financial Accounting with International Financial Reporting Standards, a team of accomplished financial practitioners and educators delivers the newest version of their highly anticipated text. This important work offers practical end-of-chapter exercises and practice problems complete with foreign currency examples, as well as an emphasis on non-US companies and examples. It is perfect for accounting students seeking exposure to internationally utilized accounting standards.
650 0 _aAccounting
_9103
856 _uhttps://archive.org/details/financial-accounting-with-international-financial-reporting-standards/page/n1/mode/2up
_yPdf available
942 _2lcc
999 _c4710
_d4710